| 000 | 01099cab a2200253 4500 | ||
|---|---|---|---|
| 001 | WB2920-31 | ||
| 008 | 090401t1993 xxu||||| |||| 00| 0 eng d | ||
| 035 | _a(Sirsi) u38180 | ||
| 041 | _aeng | ||
| 245 | _aPossession proceedings | ||
| 260 | _c1993 | ||
| 350 | _a0 | ||
| 490 |
_aEstates Gazette Case Summaries _v(1993) EGCS 90(1) (22/5/93) |
||
| 520 | _a"Dame Margaret Hungerford Charity Trustees v Beazley" CA 29 April 1993. On expiry of a 5 year lease, B continued as tenant under the Rent Act 1977. Subsequently D suggested alternative accommodation and embarked on proceedings for possession pursuant to s98(1) of the Act. Possession was granted to D at first instance as arrangements for repairing the building were held to be reasonable. B`s counterclaim for breach of repairing covenant was dismissed, as was the appeal. | ||
| 650 | _aALMSHOUSES | ||
| 650 | _aCORSHAM | ||
| 650 | _aLISTED BUILDING | ||
| 650 | _aPROTECTED TENANCY | ||
| 650 | _aREPAIRS | ||
| 650 | _aROOF | ||
| 690 | _aLANDLORD AND TENANT-CASE LAW-RESIDENTIAL TENANCIES | ||
| 942 | _n0 | ||
| 948 | _c04/03/1997 | ||
| 999 |
_c24532 _d24532 |
||